Bezpečnosť v Internete vecí

Salvato in:
Dettagli Bibliografici
Autore principale: Širka, Stanislav (Autore)
Altri autori: Erdelyi, Jaroslav (Relatore della tesi)
Natura: Manoscritto Libro
Lingua:slovacco
Pubblicazione: 2020
Soggetti:
Accesso online:http://is.stuba.sk/zp/portal_zp.pl?podrobnosti=150646
Tags: Aggiungi Tag
Nessun Tag, puoi essere il primo ad aggiungerne!!

MARC

LEADER 00000ntm a22000003a 4500
001 stuzp80660
003 SK-STU
005 20200613212850.6
007 ta
008 150427s2015----xo-----f-mn---000-0-slo-d
040 |a STU  |b slo 
041 0 |a slo 
100 1 |a Širka, Stanislav  |u 070400  |k Z4  |4 aut  |U FIIT Fakulta informatiky a informačných technológií  |T FIIT Ústav počítačového inžinierstva a aplikovanej informatiky  |X 75192  |U I400  |Y 672  |7 75192 
242 0 1 |a Security in the Internet of Things  |y eng 
245 1 0 |a Bezpečnosť v Internete vecí 
260 |c 2020 
650 4 |a Šifrovacie algoritmy v Internete vecí  |2 slo 
650 4 |a Bezpečnosť dát v Internete vecí  |2 slo 
650 4 |a Odľahčené šifrovacie algoritmy  |2 slo 
650 4 |a Bezpečnosť v Internete vecí  |2 slo 
650 4 |a IoT encryption algorithms  |2 eng 
650 4 |a IoT data security  |2 eng 
650 4 |a IoT security  |2 eng 
650 4 |a Lightweight encryption algorithms  |2 eng 
700 1 |a Erdelyi, Jaroslav  |u 070400  |k Z3  |4 ths  |U FIIT Fakulta informatiky a informačných technológií  |T FIIT Ústav počítačového inžinierstva a aplikovanej informatiky  |X 51236  |U I400  |Y 672  |7 51236 
856 4 |u http://is.stuba.sk/zp/portal_zp.pl?podrobnosti=150646